000 00838nam a22002057a 4500
999 _c13254
_d13254
003 AR-CdUCM
008 190411b ||||| |||| 00| 0 spa d
040 _aMUNICIPALIDAD PROVINCIAL DEL CUSCO
_cBIBLIOTECA MUNICIPAL DEL CUSCO
082 _a374.5 /
_bA41 / 1963
100 _aAlponte Rabañaltt, Hernan
_931564
245 _aLegislación y organización escolar /
260 _aLima :
_c1963.
300 _a132 páginas ;
_c20 cm.
505 _aContenido: Concepto de legislación escolar -- Breve reseña a los antecedentes históricos de nuestra legislación escolar -- Concepto y diferencia entre leyes, decretos, resoluciones, reglamentos y estatutos...
650 _aLegislación escolar
_931565
650 _aReseña historica
_931566
650 _aLeyes escolares
_931567
942 _2ddc
_cFOLLETOS
945 _adavv
_d11/04/2019